OECD a východní Evropa. Fond na pomoc reformám.

Členskými štátmi OECD je 24 najvyspelejších krajín sveta. Ciele OECD. Vrcholný orgán OECD je Rada, ktorú tvorí 1 zástupca za každú krajinu. Financovanie OECD. Projekty na pomoc reformám krajín strednej a východnej Európy, ktoré prechádzajú na trhové hospodárstvo.

Salvato in:
Dettagli Bibliografici
Natura: Capitolo di libro
Lingua:ceco
Soggetti:
Tags: Aggiungi Tag
Nessun Tag, puoi essere il primo ad aggiungerne!!

MARC

LEADER 00000naa a2200000 4500
001 r013715
005 20221213083222.3
041 0 |a cze 
044 |a CZ 
245 1 0 |a OECD a východní Evropa.  |b Fond na pomoc reformám. 
520 |a Členskými štátmi OECD je 24 najvyspelejších krajín sveta. Ciele OECD. Vrcholný orgán OECD je Rada, ktorú tvorí 1 zástupca za každú krajinu. Financovanie OECD. Projekty na pomoc reformám krajín strednej a východnej Európy, ktoré prechádzajú na trhové hospodárstvo. 
610 2 0 |a OECD 
610 2 0 |a financovanie 
610 2 0 |a pomoc rozvojová 
610 2 0 |a stredná Európa 
610 2 0 |a východná Európa 
610 2 0 |a reformy hospodárske